| 000 | 00000nam##2200000za#4500 |
| 001 | 9.679308 |
| 003 | CaOODSP |
| 005 | 20220107134005 |
| 007 | ta |
| 008 | 150407|1994||||xxc||||| f|0| 0 fre|d |
| 020 | |a0-662-99393-4 |
| 040 | |aCaOODSP|bfre |
| 043 | |an-cn--- |
| 086 | 1 |aH72-21/115-1994F |
| 110 | 2 |aCentre national d'information sur la violence dans la famille (Canada) |
| 245 | 10|aAgressions sexuelles multiples à l'égard d'enfants: impact sur les communautés et incidence sur la planification des interventions : |bobservations et recommandations découlant d'une étude menée par: Child and Youth Mental Health Services, British Columbia Ministry of Health |
| 260 | |aOttawa - Ontario : |bSanté Canada. |c1994. |
| 300 | |a15p. : |bréférences ; |c28 cm. |
| 563 | |aCouverture souple |
| 590 | |a94-47|b1994-11-25 |
| 691 | 07|aCrime sexuel|2gcpds |
| 691 | 07|aViolence faite aux enfants|2gcpds |
| 775 | 08|tMultiple victim child sexual abuse: the impact on communities and implications for intervention planning : |w(CaOODSP)9.645656 |
| 776 | 0#|tAgressions sexuelles multiples à l'égard d'enfants : |w(CaOODSP)9.639682 |